MARC

LEADER 00000nam0a2200000 4500
001 80390
005 20231031094601.0
035 |a (RuTPU)RU\TPU\book\86402 
090 |a 80390 
100 |a 20050905d1979 m y0rusy50 ca 
101 0 |a rus 
102 |a RU 
105 |a a z 001zy 
200 1 |a Машины и стенды для испытания деталей  |f под ред. Д. Н. Решетова 
210 |a Москва  |c Машиностроение  |d 1979 
215 |a 343 с.  |c ил. 
320 |a Библиогр.: с. 343 
610 1 |a детали машин 
610 1 |a машины 
610 1 |a стенды 
610 1 |a испытания 
610 1 |a зубчатые передачи 
610 1 |a червячные передачи 
610 1 |a цепные передачи 
610 1 |a подшипники качения 
610 1 |a подшипники скольжения 
610 1 |a муфты 
675 |a 621.81.001  |v 3 
702 1 |a Решетов  |b Д. Н.  |4 340 
801 1 |a RU  |b 63413507  |c 20050905  |g PSBO 
801 2 |a RU  |b 63413507  |c 20050927  |g PSBO 
942 |c BK